<?xml version="1.0" encoding="UTF-8"?>
<collection xmlns="http://www.loc.gov/MARC21/slim">
  <record>
    <leader>00000nam  2200000   4500</leader>
    <controlfield tag="001">INLIS000000000019923</controlfield>
    <controlfield tag="005">20250502123444</controlfield>
    <datafield tag="035" ind1="#" ind2="#">
      <subfield code="a">0010-0525000006</subfield>
    </datafield>
    <controlfield tag="007">ta</controlfield>
    <controlfield tag="008">250502################g##########0#ind##</controlfield>
    <datafield tag="020" ind1="#" ind2="#">
      <subfield code="a">979 403 307 6</subfield>
    </datafield>
    <datafield tag="082" ind1="#" ind2="#">
      <subfield code="a">519.5</subfield>
    </datafield>
    <datafield tag="084" ind1="#" ind2="#">
      <subfield code="a">519.5 SIE s</subfield>
    </datafield>
    <datafield tag="100" ind1=" " ind2="#">
      <subfield code="a">Siegel, Sidney</subfield>
    </datafield>
    <datafield tag="245" ind1="1" ind2="#">
      <subfield code="a">Statistik Nonparametrik untuk Ilmu-Ilmu Sosial /</subfield>
      <subfield code="c">Sidney Siegel</subfield>
    </datafield>
    <datafield tag="250" ind1="#" ind2="#">
      <subfield code="a">Cetakan ke 2</subfield>
    </datafield>
    <datafield tag="260" ind1="#" ind2="#">
      <subfield code="a">Jakarta :</subfield>
      <subfield code="b">Gramedia,</subfield>
      <subfield code="c">1988</subfield>
    </datafield>
    <datafield tag="300" ind1="#" ind2="#">
      <subfield code="a">374 halaman :</subfield>
      <subfield code="b">ilus ;</subfield>
      <subfield code="c">23 cm</subfield>
    </datafield>
    <datafield tag="650" ind1="#" ind2="4">
      <subfield code="a">Statistik</subfield>
    </datafield>
    <datafield tag="650" ind1="#" ind2="4">
      <subfield code="a">Matematika</subfield>
    </datafield>
    <datafield tag="520" ind1="#" ind2="#">
      <subfield code="a">Ada anggapan bahwa peneliti ilmu-ilmu sosial harus menyediakan lebih banyak waktu dan pikiran untuk merumuskan masalah-masalah penelitian mereka serta harus mengumpulkan data yang tepat dan relevan. Perhatian yang lebih besar dapat dicurahkan pada usaha-usaha itu jika para peneliti dibebaskan dari keharusan menghitung statistik-statistik yang canggih dan banyak makan waktu. Salah satu keuntungan dari statistik nonparametrik ialah kesederhanaan perhitungannya. Dalam ilmu-ilmu sosial, teknik-teknik nonparametrik juga merupakan cara yang tepat untuk menguji hipotesis.</subfield>
    </datafield>
    <datafield tag="990" ind1="#" ind2="#">
      <subfield code="a">22973</subfield>
    </datafield>
  </record>
</collection>
